| 000 | 00801nam a2200229 a 4500 | ||
|---|---|---|---|
| 001 | 1898 | ||
| 003 | CDMR | ||
| 005 | 20131023095137.0 | ||
| 008 | 130130s1976||||||||||||||||||||||||||||d | ||
| 020 | _a8424404033 | ||
| 040 |
_aCDMR _bcat _cCDMR |
||
| 100 | 1 |
_aLiebert, Robert Mandel _91415 |
|
| 245 | 1 | 3 |
_aLa TV y los niños _cRobert M. Liebert, John M. Neale, Emily S. Davison |
| 246 | 1 | _aThe Early Window: Effects of Television on Children and Youth | |
| 260 |
_aBarcelona _c1976 _bFontanella |
||
| 300 | _a361 p. | ||
| 490 | 0 |
_aEducación - Sociedad _v31 |
|
| 505 | _aConté apèndix a l'edició castellana: Una experiencia concreta realizada en una escuela de Barcelona de Joan Soler i Amigó | ||
| 650 | 0 | 4 |
_92508 _aTelevisió i infants |
| 700 | 1 |
_94156 _aSoler i Amigó, Joan |
|
| 942 |
_cMON _2udc |
||
| 999 |
_c1898 _d1898 |
||